00778 2200253 4500001002100000005001500021035002000036007000300056008004100059020002200100082001000122084001600132100003500148245012700183250001400310300002800324600002400352264003800376336002100414337001900435338003800454990001600492990001600508INLIS00000000000594520260205010927 a0010-0226000151ta260205 0 ind  a978-623-357-125-8 a370.7 a370.7 TIM d0 aTIM SMART EDUCATIONePengarang1 aDIKTAT PASTI BEDAH SOAL-SOAL TPS (TES POTENSI SKOLASTIK) + B. INGGRIS SNBT :bTES POTENSI SKOLASTIK /cTIM SMART EDUCATION aCETAKAN 1 a498 hlm ;c190 x 260 mm04aTIM SMART EDUCATION aYOGYAKARTA :bC-KLIK MEDIA,c2023 2rdacontentaTEXT 2rdamediaaBUKU 2rdacarrieraMPK RAK KANAN LAJUR 2 a00000013825 a00000013826